000 00395nam a2200157Ia 4500
008 210210b1975 xxu||||| |||| 00| 0 eng d
020 _a0 7069 0375 7
082 _a745.92252 TRII
100 _aTRIVEDI (Devika).
245 _aIkebana.
260 _aKanpur.
_bVikas Publishing House.,
_c1975
300 _a77
650 _aIkebana Flower Arrangement
690 _aThe Arts
906 _a034539
999 _c85215
_d85215